| Поле | Название | Значение |
| |
Тип записи |
i |
| |
Библиографический уровень |
m |
| 001 |
Контрольный номер |
RU/IS/BASE/539713306 |
| 005 |
Дата корректировки |
20260311114117.6 |
| 010 |
Индекс ISBN |
__ |
| a |
ISBN |
(в кор.) |
| d |
Цена |
193-82 |
| 100 |
Данные общей обработки |
__ |
| a |
Данные общей обработки |
19170206d20141989||| 0rusy0189 ca |
| 101 |
Язык документа |
1_ |
| a |
Язык текста |
rus |
| c |
Язык оригинала |
spa |
| 102 |
Страна публикации |
__ |
| a |
Страна публикации |
ru| |
| 105 |
Кодированные данные (монография) |
__ |
| a |
Кодированные данные (монография) |
|||||||||f|zy |
| 127 |
Кодированные данные (звукозаписи-физические характеристики) |
__ |
| a |
Продолжительность проигрывания |
03 ч 27 мин |
| 200 |
Заглавие и сведения об ответственности |
1_ |
| a |
Заглавие |
"Осень патриарха" |
| e |
Сведения, относящиеся к заглавию |
[радиоспектакль : 12+] |
| f |
Первые сведения об ответственности |
Гарсиа Маркес ; исполняет Олег Табаков ; режиссер Эмиль Верник |
| b |
Общее обозначение материала |
Звукозапись |
| 210 |
Выходные данные |
1_ |
| a |
Место издания |
Москва |
| c |
Издательство |
Звуковая книга |
| c |
Издательство |
Гостелерадиофонд |
| d |
Дата издания |
2014 |
| 215 |
Физическое описание |
__ |
| a |
Объем |
1 электрон. опт. диск (Audio CD) |
| c |
Иллюстрации/тип воспроизводства |
mp3, stereo |
| d |
Формат |
12х14 см |
| 225 |
Серия |
2_ |
| a |
Серия |
Коллекция радиоспектаклей Гостелерадиофонда |
| v |
Обозначение тома |
диск № 46 |
| 225 |
Серия |
2_ |
| a |
Серия |
Звуковая книга |
| 225 |
Серия |
2_ |
| a |
Серия |
Радиоспектакль ГТРФ |
| 230 |
Специфическая характеристика материала: электронные ресурсы |
__ |
| a |
Обозначение и объем ресурса |
Электронные звуковые данные |
| 300 |
Общие примечания |
__ |
| a |
Общие примечания |
Запись 1989 г. |
| 300 |
Общие примечания |
__ |
| a |
Общие примечания |
Заглавие с этикетки диска |
| 323 |
Примечание о главных создателях, исполнителях, участниках |
__ |
| a |
Примечание о главных создателях, исполнителях, участниках |
Табаков, О. |
| 330 |
Аннотация |
__ |
| a |
Аннотация |
Произведения, подобные этому, освобождают читателя от шор повседневности, помогают увидеть мир целиком, во всем его многообразии, дают представление о жизни не как о чехарде дней-ночей-сезонов-лет, но как о чем-то целом, неделимом, не имеющем начала и конца. Магическим, образным языком Гарсиа Маркес рисует деспотизм во всех мыслимых и немыслимых проявлениях, обнаженный по сути и вывернутый наизнанку. |
| 333 |
Примечание о целевом назначении |
__ |
| a |
Примечание о целевом назначении |
12+. Для детей старше 12 лет |
| 337 |
Примечание о системных требованиях (электронные ресурсы) |
__ |
| a |
Примечание о системных требованиях (электронные ресурсы) |
Системные требования: MS Windows 95/98/2000/XP/Vista/7 ; Pentium 100 ; RAM 16 Мб ; SVGA, 800x600 ; CD-ROM ; зв. карта ; колонки или наушники ; мышь или аудиосистемы с поддержкой формата MP3: музыкальный центр ; CD/DVD-плеер и т.д. |
| 606 |
Тематические рубрики |
__ |
| a |
Основная рубрика |
Музыка и зрелищные искусства |
| 606 |
Тематические рубрики |
__ |
| a |
Основная рубрика |
Художественное радиовещание |
| 606 |
Тематические рубрики |
__ |
| a |
Основная рубрика |
Художественная литература |
| 606 |
Тематические рубрики |
__ |
| a |
Основная рубрика |
Литература Америки (произведения) |
| y |
Географическая подрубрика |
Колумбия |
| 610 |
Ключевые слова |
0_ |
| a |
Ключевые слова |
зарубежная литература |
| a |
Ключевые слова |
иностранная литература |
| a |
Ключевые слова |
колумбийская литература |
| a |
Ключевые слова |
латиноамериканская литература |
| a |
Ключевые слова |
Нобелевская премия |
| a |
Ключевые слова |
радиоспектакли |
| a |
Ключевые слова |
романы |
| a |
Ключевые слова |
тема власти |
| a |
Ключевые слова |
тема диктатуры |
| a |
Ключевые слова |
тема личности |
| a |
Ключевые слова |
тема тирании |
| 686 |
Индексы других классификаций |
__ |
| 2 |
Код системы |
rubbks |
| a |
Классификационный индекс |
85.381.3(2)-7я04 |
| 686 |
Индексы других классификаций |
__ |
| 2 |
Код системы |
rubbks |
| a |
Классификационный индекс |
84(7Кол)6-4я04 |
| 700 |
Автор |
_1 |
| a |
Фамилия |
Гарсиа |
| b |
Имя |
Маркес Г. |
| f |
Даты |
1928-2014 |
| g |
Полное личное имя |
Габриель |
| p |
Наименование/ адрес организации |
Гарсия Маркес, Г. |
| 4 |
Код отношения |
070 |
| 702 |
Вторичная интеллектуальная ответственность |
_1 |
| a |
Фамилия |
Верник |
| b |
Имя |
Э. |
| 4 |
Код отношения |
Режиссер |
| 4 |
Код отношения |
070 |
| 790 |
Имя лица - альтернативная форма |
_1 |
| 4 |
Код отношения |
070 |
| a |
Имя лица - альтернативная форма |
Гарсия Маркес, Г. |
| 801 |
Источник записи |
_0 |
| a |
Страна |
ru |
| b |
Организация |
Муниципальное бюджетное учреждение культуры "Централизованная библиотечная система" г. Сургут (Центральная городская библиотека им. А. С. Пушкина) |
| c |
Дата составления |
20170206 |
| g |
Правила каталогизации |
КиК/Лукашук |
| 801 |
Источник записи |
_1 |
| a |
Страна |
ru |
| b |
Организация |
Муниципальное бюджетное учреждение культуры "Централизованная библиотечная система" г. Сургут (Центральная городская библиотека им. А. С. Пушкина) |
| c |
Дата составления |
20170206 |
| g |
Правила каталогизации |
КиК/Лукашук |
| 852 |
Данные о местонахождении |
__ |
| j |
Шифр хранения |
85.381.3(2)-7я04 |
| i |
Авторский знак |
Г 21 |
| 901 |
Тип документа |
__ |
| t |
Тип документа |
0 |
| 903 |
Характеристики (МАРС) |
__ |
| a |
Дата передачи |
20170206 |
| 969 |
Тип издания |
__ |
| a |
Тип издания |
аудиоспектакль; издание для слепых; аудиокнига |
| 990 |
Данные о заказе (DOS) |
__ |
| j |
Количество экземпляров (DOS) |
5 |
| t |
N записи в КСУ для И/У (DOS) |
201702 |